Brisbane Airport Destinations (Brisbane, Australia) - Statistics

General Stats
  • This quiz has been taken 298 times
    98 since last reset
  • The average score is 46 of 99
Answer Stats
Airline Destination % Correct
Jetstar/Qantas/Rex Airlines/Virgin Australia Sydney
97%
Jetstar/QantasLink/Rex Airlines/Virgin Australia Adelaide
95%
Jetstar/Qantas/QantasLink/Rex Airlines/Virgin Australia Melbourne
95%
Jetstar/Qantas/Virgin Australia Perth
91%
Air New Zealand/China Airlines/Jetstar/Qantas Auckland
89%
Air New Zealand/Qantas Wellington
89%
Qantas/Singapore Airlines Singapore
88%
Jetstar/QantasLink/Virgin Australia Darwin
84%
Delta Air Lines/Qantas/United Airlines Los Angeles
84%
Jetstar/Qantas/QantasLink/Rex Airlines/Virgin Australia Cairns
82%
Emirates Dubai (International)
82%
Cathay Pacific Hong Kong
82%
China Eastern Airlines Shanghai (Pudong)
82%
Jetstar/Qantas Tokyo (Narita)
82%
Air New Zealand/Qantas Christchurch
81%
Jetstar/QantasLink/Virgin Australia Hobart
81%
Batik Air Malaysia/Jetstar/Virgin Australia Denpasar
80%
Philippine Airlines/Qantas Manila
78%
Jetstar/Korean Air Seoul (Incheon)
78%
QantasLink/Virgin Australia Alice Springs
77%
Batik Air Malaysia/Malaysia Airlines Kuala Lumpur (International)
76%
United Airlines San Francisco
76%
Jetstar Bangkok (Suvarnabhumi)
74%
Jetstar/QantasLink/Virgin Australia Canberra
74%
Jetstar Osaka (Kansai)
74%
China Southern Airlines Guangzhou
73%
Air Niugini/Qantas Port Moresby
73%
China Airlines/EVA Air Taipei (Taoyuan)
72%
Fiji Airways/Virgin Australia Nadi
70%
Air Canada Vancouver
70%
VietJet Air Ho Chi Minh City
69%
Nauru Airlines Nauru
68%
Jetstar/Qantas/QantasLink/Virgin Australia Townsville
68%
American Airlines Dallas/Fort Worth
66%
Qatar Airways/Virgin Australia Doha
66%
Jetstar/QantasLink/Virgin Australia Newcastle
66%
Qantas/Virgin Australia Port Vila
66%
Qantas/Virgin Australia Apia
61%
Qantas/Virgin Australia Queenstown
61%
Alliance Airlines/National Jet Express/QantasLink/Virgin Australia Rockhampton
57%
QantasLink/Solomon Airlines Honiara
54%
Jetstar/QantasLink/Virgin Australia Launceston
54%
Alliance Airlines/Jetstar/Qantas/QantasLink/Virgin Australia Mackay
50%
Alliance Airlines/Qantas/QantasLink/Rex Airlines/Virgin Australia Mount Isa
50%
Aircalin/QantasLink Nouméa
49%
Rex Airlines Toowoomba
46%
Alliance Airlines Sunshine Coast
43%
QantasLink Albury
42%
Alliance Airlines/National Jet Express/QantasLink/Virgin Australia Emerald
41%
Qantas Norfolk Island
41%
Link Airways Wollongong
41%
Link Airways Coffs Harbour
38%
QantasLink Wagga Wagga
38%
Jetstar Avalon
36%
Link Airways/QantasLink Bundaberg
36%
Alliance Airlines/Rex Airlines Roma
36%
Jetstar/Virgin Australia Ayers Rock
35%
Link Airways Dubbo
35%
QantasLink Hervey Bay
35%
QantasLink Port Macquarie
35%
QantasLink/Virgin Australia Gladstone
34%
QantasLink Longreach
34%
Qantas/QantasLink/Virgin Australia Hamilton Island
31%
Jetstar/QantasLink/Virgin Australia Proserpine
31%
Jetstar Cebu
28%
Rex Airlines Charleville
27%
Link Airways Tamworth
26%
Alliance Airlines Weipa
23%
Nauru Airlines/Qantas Koror
22%
Link Airways/National Jet Express Orange
22%
Alliance Airlines/National Jet Express/QantasLink Moranbah
20%
Qantas Port Hedland
20%
Link Airways Armidale
19%
Alliance Airlines Cloncurry
19%
Nauru Airlines Majuro
19%
Nauru Airlines Tarawa
19%
Air Vanuatu Luganville
18%
QantasLink Miles
18%
QantasLink Barcaldine
16%
Link Airways Biloela/Thangool
16%
QantasLink Blackall
16%
Skytrans Airlines Chinchilla
16%
Rex Airlines St. George
15%
Rex Airlines Birdsville
14%
FlyPelican/Link Airways Narrabri
14%
Link Airways Inverell
12%
Rex Airlines Thargomindah
12%
Alliance Airlines The Granites
12%
Rex Airlines Boulia
9%
Rex Airlines Cunnamulla
9%
Alliance Airlines Moomba
9%
Nauru Airlines Pohnpei
9%
Rex Airlines Quilpie
9%
Solomon Airlines Munda
8%
Rex Airlines Windorah
8%
Alliance Airlines Ballera
7%
Rex Airlines Bedourie
7%
QantasLink Gove
7%
Skytrans Airlines Taroom
7%
No matching quizzes found
Score Distribution
Percent of People with Each Score
Percentile by Number Answered
Your Score History
You have not taken this quiz since the last reset